| 000 | 01044cam a22002531i 4500 | ||
|---|---|---|---|
| 003 | SA-RiAUC | ||
| 005 | 20260420123635.0 | ||
| 008 | 260419s2014 su g r f000 0 ara c | ||
| 040 |
_aSA-JeALM _bara _cSA-RiAUC _erda |
||
| 041 | 0 |
_aara _aeng |
|
| 050 | 4 | _b.A88 2014 | |
| 082 | 0 | 4 |
_a252.5 _qSA-RiAUC |
| 090 |
_a252.5 _bع ط ا |
||
| 100 | 1 |
_aالعطاس، أحمد بن خالد بن أمين _eمؤلف. |
|
| 245 | 1 | 0 |
_aرحلة الحج : _bدليل مبسط يبين أهم أحكام المناسك بأسلوب عصري ميسر / _cبقلم أحمد بن خالد بن أمين العطاس. |
| 264 | 1 |
_a[جدة. السعودية] : _bمطابع حراء، _c2014 |
|
| 300 |
_a24 صفحة ؛ _bإيضاحيات ؛ _c22 سم. |
||
| 336 |
_aنص _btxt _2rdacontent _3كتاب |
||
| 337 |
_aبدون وسيط _bn _2rdamedia |
||
| 650 | 7 |
_aالحج (فقه إسلامي) _xمناسك _vأدلة _2aucsh |
|
| 650 | 7 |
_aالحجاج _xإرشاد لـ _vأدلة _2aucsh |
|
| 942 |
_2ddc _cBOOK _n0 |
||
| 949 |
_aSA-JeALM _d260419 _uosman123 _n1 |
||
| 999 |
_c14857 _d14857 |
||